El anillo del pavo real /

Guardat en:
Dades bibliogràfiques
Autor principal: Rojas Jiménez, Miguel
Format: Desconegut
Idioma:Spanish
Publicat: San José, Costa Rica : Editorial Costa Rica, 1997.
Matèries:
Etiquetes: Afegir etiqueta
Sense etiquetes, Sigues el primer a etiquetar aquest registre!

MARC

LEADER 000000000a22000000004500
001 000618
008 140804s1988 cr g |||| 000 d spa d
020 |a 9977994447 
041 0 |a español 
082 |a CR862.44  |b R741a 
100 1 |a Rojas Jiménez, Miguel 
245 1 3 |a El anillo del pavo real /  |c Miguel Rojas 
260 1 |a San José, Costa Rica :   |b Editorial Costa Rica,   |c 1997. 
300 |a 116 páginas 
650 4 |a LITERATURA COSTARRICENSE  |v TEATRO 
942 |2 ddc  |c BK 
999 |c 22110  |d 22110